| 000 | 00625nam a2200193Ia 4500 | ||
|---|---|---|---|
| 003 | GCL | ||
| 008 | 140319s9999 xx 000 0 eng d | ||
| 040 |
_aGCL / _cGCL |
||
| 082 | 0 | 4 |
_a708.44 _bR F |
| 100 | 1 | _aROYAL ACADEMY OF ARTS | |
| 245 | 1 | 0 |
_aFRENCH ART : _bAN ILLUSTRATED SOUVENIR OF THE EXHIBITION OF FRENCH ART AT THE ROYAL ACADEMY OF ARTS / _cROYAL ACADEMY OF ARTS |
| 260 |
_aانجلترا : _bWILLIAM COLLINS SONS & LTD ، _c1932 |
||
| 300 |
_a22 CM ؛ _c110 P |
||
| 650 | 0 | 4 | _aARTS, HISTORY AND CRITICISM |
| 650 | 0 | 4 | _aART, FRANCE |
| 650 | 0 | 4 | _aARTS, HISTORY |
| 650 | 0 | 4 | _aEXHIBITIONS - ART |
| 942 |
_2ddc _cBK |
||
| 999 |
_c20486 _d20486 |
||